[Event "Open Ricany 2011"]
[Site "http://www.openricany.cz"]
[Date "2011.08.25"]
[Round "7.29"]
[White "Burianek, Petr"]
[Black "Postupa, Martin"]
[Result "0-1"]
[WhiteElo "1892"]
[BlackElo "2005"]

1. e4 e5 2. Nf3 Nc6 3. Bb5 d6 4. d4 exd4 5. Nxd4 Bd7 6. Nxc6 bxc6 7. Bc4 Nf6
8. O-O Be7 9. Re1 O-O 10. Nc3 Ng4 11. Bf4 Bh4 12. Bg3 Rb8 13. Be2 Bxg3 14. hxg3
Qg5 15. b3 Nxf2 16. Qd4 Qxg3 17. Qxf2 Qxc3 18. Bd3 Qa5 19. e5 Qb6 20. Re3 Rbe8
21. Rae1 g6 22. Kf1 Re6 23. exd6 Rxe3 24. Rxe3 cxd6 25. Qg3 Qc5 26. Re7 Be6
27. Qh4 Bf5 28. Bc4 d5 29. Re5 Qd6 30. Qd4 Bxc2 31. Be2 Bf5 0-1

[Event "Open Ricany 2011"]
[Site "http://www.openricany.cz"]
[Date "2011.08.25"]
[Round "7.3"]
[White "Klement, Lukas"]
[Black "Vojta, Tomas"]
[Result "0-1"]
[WhiteElo "2234"]
[BlackElo "2368"]

1. d4 d5 2. c4 dxc4 3. e4 Nc6 4. d5 Ne5 5. Bf4 Ng6 6. Bg3 e5 7. Bxc4 Bd6 8. Ne2
Nf6 9. Nbc3 O-O 10. Qb3 a6 11. a4 Qe7 12. O-O h5 13. f3 h4 14. Bf2 Nh5 15. g4
hxg3 16. hxg3 Bh3 17. Rfe1 Qg5 18. Nd1 f5 19. exf5 Rxf5 20. Qe3 Qf6 21. Bd3 Rxf3
22. Qe4 Rxf2 23. Nxf2 Bc5 24. Kh2 Bxf2 25. Rf1 Bxf1 26. Rxf1 Rf8 27. Qxg6 Qxg6
28. Bxg6 Nxg3 29. Nxg3 Bxg3+ 30. Kg2 Rxf1 31. Kxf1 Kf8 32. Kg2 Be1 33. Bf5 b6
34. Bc8 a5 35. Kf3 Ke7 36. Ke4 Kf6 37. Bh3 Bf2 38. Bd7 Bd4 39. b3 Kg5 40. Be6
Kh4 41. Kf3 g5 42. Bf5 Bc5 43. Be4 g4+ 44. Kg2 Kg5 45. Kg3 Bd6 46. Bc2 e4+
47. Kg2 Kf4 48. Bd1 g3 49. Be2 Ke3 50. Bc4 Kd2 0-1

[Event "Open Ricany 2011"]
[Site "http://www.openricany.cz"]
[Date "2011.08.25"]
[Round "7.16"]
[White "Zvara, David"]
[Black "Voracek, Zdenek"]
[Result "1-0"]
[WhiteElo "1979"]
[BlackElo "2067"]

1. e4 Nf6 2. e5 Nd5 3. c4 Nb6 4. c5 Nd5 5. Bc4 e6 6. Nc3 Nxc3 7. dxc3 Qh4
8. Qd4 Qxd4 9. cxd4 b6 10. cxb6 axb6 11. a3 Nc6 12. Ne2 Ba6 13. Bxa6 Rxa6
14. O-O f6 15. f4 f5 16. Be3 Na5 17. Rac1 c6 18. Bd2 b5 19. Bxa5 Rxa5 20. Rf3
Be7 21. b4 Ra7 22. h3 Kf7 23. g4 g6 24. Rcc3 Bh4 25. Kf1 Ke7 26. Ng1 Rf8 27. Kg2
g5 28. fxg5 Bxg5 29. h4 Bxh4 30. Rh3 Bg5 31. Rxh7+ Rf7 32. Rh5 Bd2 33. Rg3 Bc1
34. gxf5 exf5 35. Rhh3 f4 36. Rb3 Rg7+ 37. Kf1 Rg3 38. Rhxg3 fxg3 39. Ne2 Rxa3
40. Nxc1 Ra1 41. Rc3 Rb1 42. Kg2 Rxb4 43. Nb3 Ke6 44. Kxg3 Kd5 45. Kf3 Ra4
46. Ke3 d6 47. exd6 Kxd6 48. Ke4 Ra8 49. Rh3 Re8+ 50. Kd3 Rg8 51. Nc5 Rg1
52. Rh6+ Kd5 53. Rh5+ Kd6 54. Ne4+ Kc7 55. Rh7+ Kb6 56. Nc5 Rg3+ 57. Ke4 Rg4+
58. Ke5 Rg5+ 59. Kf4 Rd5 60. Ke4 Ka5 61. Rh6 Kb6 62. Nd3 Rd8 63. Ne5 Rc8 64. d5
Ka5 65. Rxc6 Rb8 66. d6 1-0

[Event "Open Ricany 2011"]
[Site "http://www.openricany.cz"]
[Date "2011.08.25"]
[Round "7.19"]
[White "Postupa, Pavel"]
[Black "Kubik, Jaroslav"]
[Result "1-0"]
[WhiteElo "2124"]
[BlackElo "1987"]

1. e4 d6 2. d4 Nf6 3. Nc3 g6 4. Be3 Bg7 5. Qd2 c6 6. Bh6 Nbd7 7. Bxg7 Rg8
8. Bxf6 Nxf6 9. O-O-O b5 10. e5 Nd7 11. Ne4 d5 12. Nc5 Nxc5 13. dxc5 a5 14. h4
h5 15. Ne2 Qc7 16. Qd4 a4 17. c3 Bf5 18. f3 Kd7 19. g4 hxg4 20. fxg4 Be4
21. Qxe4 1-0

[Event "Open Ricany 2011"]
[Site "http://www.openricany.cz"]
[Date "2011.08.25"]
[Round "7.4"]
[White "Kulhanek, Tomas"]
[Black "Vesselovsky, Serguei"]
[Result "1/2-1/2"]
[WhiteElo "2378"]
[BlackElo "2383"]

1. e4 c5 2. Nf3 d6 3. d4 cxd4 4. Nxd4 Nf6 5. Nc3 Nc6 6. Bc4 e6 7. O-O Be7 8. a3
O-O 9. Ba2 Nxd4 10. Qxd4 b6 11. Kh1 1/2-1/2

[Event "Open Ricany 2011"]
[Site "http://www.openricany.cz"]
[Date "2011.08.25"]
[Round "7.39"]
[White "Havelka, Petr"]
[Black "Rezac, Jindrich"]
[Result "1/2-1/2"]
[WhiteElo "1915"]
[BlackElo "1862"]

1. d4 d5 2. c4 dxc4 3. Nc3 Nf6 4. Nf3 e6 5. e3 Be7 6. Bxc4 O-O 7. O-O b6 8. b3
Bb7 9. Bb2 c5 10. Be2 Nc6 11. dxc5 Bxc5 12. Qxd8 1/2-1/2

[Event "Open Ricany 2011"]
[Site "http://www.openricany.cz"]
[Date "2011.08.25"]
[Round "7.34"]
[White "Filip, Vojtech"]
[Black "Martinec, Karel"]
[Result "1/2-1/2"]
[WhiteElo "1784"]
[BlackElo "1971"]

1. e4 e5 2. Nc3 Bc5 3. Bc4 Nf6 4. d3 h6 5. h3 Nc6 6. Nge2 O-O 7. O-O Na5 8. Bb3
Nxb3 9. axb3 d5 10. exd5 Nxd5 11. Nxd5 Qxd5 12. Nc3 Qc6 13. Be3 Be6 14. Bxc5
Qxc5 15. Qf3 c6 16. Qe3 Qxe3 17. fxe3 1/2-1/2

[Event "Open Ricany 2011"]
[Site "http://www.openricany.cz"]
[Date "2011.08.25"]
[Round "7.20"]
[White "Pycha, Patrik"]
[Black "Svitak, David"]
[Result "1/2-1/2"]
[WhiteElo "1770"]
[BlackElo "2015"]

1. e4 c5 2. Nc3 e6 3. g3 d5 4. exd5 exd5 5. d4 Nc6 6. Nge2 Nf6 7. Bg2 cxd4
8. Nxd4 Bc5 9. Nb3 Bb4 10. O-O Be6 11. Bg5 O-O 12. Ne2 h6 13. Bxf6 Qxf6 14. c3
Be7 15. Ned4 Rad8 16. Re1 Nxd4 17. Qxd4 Qxd4 18. Nxd4 Bc5 19. Rad1 Bg4 20. f3
Bd7 21. Kf1 a6 22. f4 Bc6 1/2-1/2

[Event "Open Ricany 2011"]
[Site "http://www.openricany.cz"]
[Date "2011.08.25"]
[Round "7.23"]
[White "Horak, Vladimir"]
[Black "Hybl, Vladislav"]
[Result "1-0"]
[WhiteElo "2043"]
[BlackElo "1925"]

1. Nf3 d5 2. d4 Nf6 3. e3 e6 4. Bd3 Nbd7 5. O-O Be7 6. Nbd2 O-O 7. c3 c5 8. e4
cxd4 9. e5 Ne8 10. cxd4 f5 11. exf6 Ndxf6 12. Ne5 Bd7 13. Nxd7 Qxd7 14. Qe2 Nc7
15. f4 Rae8 16. Nf3 Bd6 17. Bd2 Qf7 18. Ne5 Qe7 19. a3 Ne4 20. Be3 Rf6 21. Ng4
Rf7 22. g3 Ref8 23. Qg2 Nf6 24. Qh3 Nxg4 25. Qxh7# 1-0

[Event "Open Ricany 2011"]
[Site "http://www.openricany.cz"]
[Date "2011.08.25"]
[Round "7.5"]
[White "Balacek, Tadeas"]
[Black "Vojta, Pavel"]
[Result "1/2-1/2"]
[WhiteElo "2251"]
[BlackElo "2175"]

1. d4 Nf6 2. c4 e6 3. g3 d5 4. Nf3 Be7 5. Bg2 O-O 6. O-O b6 7. cxd5 exd5 8. b3
Bb7 9. Bb2 Nbd7 10. Nc3 Re8 11. Ne5 c5 12. Nxd7 Qxd7 13. e3 Rad8 14. Rc1 cxd4
15. Qxd4 Bc5 16. Qa4 d4 1/2-1/2

[Event "Open Ricany 2011"]
[Site "http://www.openricany.cz"]
[Date "2011.08.25"]
[Round "7.14"]
[White "Grecny, Karol"]
[Black "Liuba, Volodymyr"]
[Result "0-1"]
[WhiteElo "1975"]
[BlackElo "2116"]

1. e4 c5 2. Nf3 Nc6 3. d4 cxd4 4. Nxd4 g6 5. Be3 Bg7 6. Nc3 Nf6 7. f3 O-O
8. Qd2 d5 9. exd5 Nxd5 10. Nxd5 Qxd5 11. Nxc6 Qxc6 12. O-O-O Bf5 13. Kb1 Rad8
14. Bd3 Qa4 15. Qe2 Be6 16. b3 Qb4 17. Qe1 Qd6 18. f4 Bg4 0-1

[Event "Open Ricany 2011"]
[Site "http://www.openricany.cz"]
[Date "2011.08.25"]
[Round "7.50"]
[White "Hanl, Frantisek"]
[Black "Ruzicka, Vaclav"]
[Result "1-0"]
[WhiteElo "1849"]
[BlackElo "1740"]

1. e4 e5 2. Nc3 Nf6 3. Bc4 Bb4 4. d3 O-O 5. Ne2 d5 6. exd5 Nxd5 7. O-O Nxc3
8. Nxc3 Bxc3 9. bxc3 Nd7 10. f4 Nb6 11. Bb3 exf4 12. Ba3 Re8 13. Rxf4 Be6
14. Bxe6 Rxe6 15. Qf3 Qd5 16. Rxf7 Qxf3 17. Rxf3 Nd5 18. Raf1 Rf6 19. Rxf6 gxf6
20. c4 Nc3 21. Bb4 Ne2+ 22. Kf2 Nd4 23. c3 Nc6 24. Ke2 Re8+ 25. Kd2 Kf7 26. d4
a5 27. Ba3 b6 28. Rf5 Rd8 29. Rh5 Kg6 30. Rd5 Rg8 31. g3 Rg7 32. Kd3 h5 33. Bc1
Ne7 34. Rd7 Nf5 35. Rxg7+ Kxg7 36. Bf4 c6 37. Bc7 b5 38. cxb5 cxb5 39. Bxa5 Nd6
40. Bc7 Nc4 41. d5 Kf7 42. Kd4 Ke7 43. d6+ Kd7 44. a4 bxa4 45. Kxc4 f5 46. h4
1-0

[Event "Open Ricany 2011"]
[Site "http://www.openricany.cz"]
[Date "2011.08.25"]
[Round "7.7"]
[White "Holub, Milan"]
[Black "Haba, Zdenek"]
[Result "1/2-1/2"]
[WhiteElo "2061"]
[BlackElo "2207"]

1. Nf3 g6 2. d4 f5 3. Nc3 Nf6 4. Bg5 Bg7 5. Bxf6 Bxf6 6. e4 d6 7. exf5 Bxf5
8. Bd3 Qd7 9. Qe2 Nc6 10. O-O-O Bxd3 11. Qxd3 O-O-O 12. Ne4 Qf5 13. Nxf6 Qxd3
14. Rxd3 exf6 15. Re3 g5 16. c3 Rde8 17. Rhe1 Rxe3 18. Rxe3 Kd7 19. Kd2 d5
1/2-1/2

[Event "Open Ricany 2011"]
[Site "http://www.openricany.cz"]
[Date "2011.08.25"]
[Round "7.8"]
[White "Kubikova, Hana"]
[Black "Skacel, Jan"]
[Result "1/2-1/2"]
[WhiteElo "2159"]
[BlackElo "2050"]

1. d4 d6 2. Nf3 c6 3. c4 Nf6 4. Nc3 g6 5. Bg5 Bg7 6. e3 Qa5 7. Bd3 O-O 8. O-O
Bg4 9. Bxf6 Bxf6 10. h3 Bc8 11. Qd2 Bg7 12. Rab1 Nd7 13. b4 Qc7 14. Rbd1 e5
15. dxe5 Nxe5 16. Nxe5 dxe5 17. c5 a5 18. a3 axb4 19. axb4 Be6 20. Rc1 Rfd8
21. Qe2 Qd7 22. Bc4 Bxc4 23. Qxc4 Qd3 24. Ne4 Qxc4 25. Rxc4 Bf8 26. g4 h6
1/2-1/2

[Event "Open Ricany 2011"]
[Site "http://www.openricany.cz"]
[Date "2011.08.25"]
[Round "7.48"]
[White "Sedivy, Ondrej"]
[Black "Suchy, Ladislav"]
[Result "0-1"]
[WhiteElo "1782"]
[BlackElo "1920"]

1. c4 b6 2. Nc3 Bb7 3. Nf3 e6 4. g3 g5 5. h3 f5 6. Bg2 g4 7. Nh4 Bxg2 8. Nxg2
Qc8 9. d4 Qb7 10. e4 Na6 11. d5 O-O-O 12. Qd4 Nf6 13. Qxf6 Rg8 14. dxe6 fxe4
15. Nd5 Bb4+ 16. Bd2 Bxd2+ 17. Kxd2 dxe6 18. Qxe6+ Kb8 19. Kc2 Nc5 20. Qh6 Nd3
21. Raf1 Qa6 22. Qc6 Rxd5 23. Qe6 Qxc4+ 24. Kb1 Rgd8 25. Ne3 Qb4 26. Nd1 Rc5
27. Qh6 Rb5 28. Qf6 Rd4 29. f3 Qd2 30. Qc6 Rc5 0-1

[Event "Open Ricany 2011"]
[Site "http://www.openricany.cz"]
[Date "2011.08.25"]
[Round "7.24"]
[White "Skala, Jaromir"]
[Black "Lexa, Vaclav"]
[Result "1/2-1/2"]
[WhiteElo "2020"]
[BlackElo "1917"]

1. d4 Nf6 2. c4 g6 3. Nc3 d5 4. cxd5 Nxd5 5. e4 Nxc3 6. bxc3 c5 7. Bc4 Bg7
8. Ne2 Nc6 9. Be3 O-O 10. O-O Qc7 11. Rc1 Rd8 12. Qa4 Bd7 13. Qa3 cxd4 14. cxd4
e6 15. d5 Qa5 16. Qb3 exd5 17. Bxd5 Ne5 18. Bxb7 Rab8 19. Rc5 Qa4 20. Qxa4 Bxa4
21. Nc3 Rxb7 22. Nxa4 Rb4 23. Ra5 Rxe4 24. Rxa7 Nc6 25. Ra6 Nb4 26. Ra7 Nc6
27. Ra6 1/2-1/2

[Event "Open Ricany 2011"]
[Site "http://www.openricany.cz"]
[Date "2011.08.25"]
[Round "7.36"]
[White "Cerny, Michal"]
[Black "Macek, Kamil"]
[Result "1/2-1/2"]
[WhiteElo "1806"]
[BlackElo "2012"]

1. e4 c6 2. d4 d5 3. Nc3 dxe4 4. Nxe4 Bf5 5. Ng3 Bg6 6. h4 h6 7. h5 Bh7 8. Nf3
Nd7 9. Bd3 Bxd3 10. Qxd3 Ngf6 11. Bd2 e6 12. O-O-O Qc7 13. Kb1 Bd6 14. Ne4 Nxe4
15. Qxe4 O-O-O 16. c4 c5 17. Bc3 Nf6 18. Qe2 Qc6 19. d5 exd5 20. Bxf6 gxf6
21. Rxd5 Rhg8 22. g3 Rge8 23. Qd3 Be5 24. Qf5+ Kb8 25. Rhd1 Rxd5 26. Rxd5 Bd4
27. Nxd4 Re1+ 28. Kc2 Qa4+ 29. Nb3 Qxc4+ 30. Kd2 Qb4+ 31. Kc2 Qc4+ 32. Kd2 Qb4+
33. Kc2 1/2-1/2

[Event "Open Ricany 2011"]
[Site "http://www.openricany.cz"]
[Date "2011.08.25"]
[Round "7.26"]
[White "Pavlicek, Petr"]
[Black "Sargsjan, Karen"]
[Result "1-0"]
[WhiteElo "2013"]
[BlackElo "1881"]

1. c4 e5 2. Nc3 Nf6 3. Nf3 Nc6 4. g3 d6 5. Bg2 Be7 6. d4 exd4 7. Nxd4 Ne5
8. O-O O-O 9. b3 c6 10. Qc2 Qc7 11. Bf4 Ng6 12. Bg5 h6 13. Bd2 Re8 14. Rad1 Nf8
15. Nf5 Ne6 16. Nxe7+ Qxe7 17. e4 Rb8 18. Rfe1 Qc7 19. Qd3 Nc5 20. Qd4 Ne6
21. Qxa7 Bd7 22. Qe3 Ng4 23. Qe2 Ne5 24. Be3 Qa5 25. Qc2 Ng5 26. Bxg5 hxg5
27. Rxd6 g4 28. Red1 Be6 29. Ne2 Nf3+ 30. Bxf3 gxf3 31. Nf4 Bg4 32. h3 Bh5
33. Qd2 Qe5 34. Qe3 Ra8 35. a4 f6 36. Nxh5 Qxh5 37. Qf4 Qxh3 38. Qxf3 Ra5
39. Rd8 Rxd8 40. Rxd8+ Kh7 41. Qh1 1-0

[Event "Open Ricany 2011"]
[Site "http://www.openricany.cz"]
[Date "2011.08.25"]
[Round "7.41"]
[White "Feirfeil, Jiri"]
[Black "Hadrava, Jaroslav"]
[Result "1/2-1/2"]
[WhiteElo "1858"]
[BlackElo "1890"]

1. d4 d5 2. Nf3 Bg4 3. Ne5 Bf5 4. Bf4 Nf6 5. e3 e6 6. g4 Bg6 7. h4 h6 8. Nxg6
fxg6 9. Bd3 Bd6 10. Bxg6+ Ke7 11. Nd2 Bxf4 12. exf4 Qd6 13. Qf3 Nc6 14. c3 Rhf8
15. O-O-O Nd7 16. f5 e5 17. dxe5 Ndxe5 18. Qe2 Kd7 19. Bh5 Rad8 20. f4 Nf7
21. Qf3 Kc8 22. Bxf7 Rxf7 23. Rhe1 Qc5 24. Nb3 Qc4 25. Kb1 a5 26. Nd4 a4
27. Nxc6 Qxc6 28. Re6 Qb5 29. Qf1 Qc5 30. Qg1 Qa5 31. a3 c6 32. Qe3 Rfd7 33. Re8
Qc7 34. Rxd8+ Rxd8 35. Qe6+ Rd7 36. Qe5 Qb6 37. Rd4 Qb5 38. g5 c5 39. Rd1 Qc4
40. f6 gxf6 41. gxf6 d4 42. cxd4 Rxd4 43. Qf5+ Kd8 44. Rc1 Rxf4 45. Qe5 Qe4+
46. Qxe4 Rxe4 47. Rxc5 Rxh4 48. Rf5 Ke8 49. f7+ Kf8 50. Rf2 h5 51. Kc2 Rg4
52. b3 axb3+ 53. Kxb3 Rg7 54. Rh2 Rh7 55. Kc4 Kxf7 56. Kd4 h4 57. Rh3 Kf6
58. Ke4 Kg5 59. Kf3 Rf7+ 60. Kg2 b5 61. Rb3 Rf5 62. Rb4 Rd5 63. a4 Rd2+ 64. Kh3
Rd3+ 65. Kh2 1/2-1/2

[Event "Open Ricany 2011"]
[Site "http://www.openricany.cz"]
[Date "2011.08.25"]
[Round "7.10"]
[White "Ambroz, Antonin"]
[Black "Haman, Jakub"]
[Result "0-1"]
[WhiteElo "2054"]
[BlackElo "2146"]

1. e4 c5 2. c4 d6 3. Nc3 Nc6 4. Nge2 e6 5. d4 cxd4 6. Nxd4 Nf6 7. Be2 Be7
8. O-O a6 9. Be3 O-O 10. Qd2 Ne5 11. h3 Qc7 12. b3 b6 13. f3 Bb7 14. Rac1 Rac8
15. Rfd1 Qb8 16. Qe1 Bd8 17. Qf2 Bc7 18. g4 h6 19. h4 Rfe8 20. g5 hxg5 21. hxg5
Nh7 22. Kg2 Ng6 23. Rh1 d5 24. Rh5 Bf4 25. Rch1 Bxe3 26. Qxe3 Nf4+ 27. Kf2 Nxh5
28. Rxh5 Nf8 29. Qc1 dxe4 30. Qh1 Ng6 31. fxe4 Qe5 0-1

[Event "Open Ricany 2011"]
[Site "http://www.openricany.cz"]
[Date "2011.08.25"]
[Round "7.31"]
[White "Vrecion, Jiri"]
[Black "Dungl, Martin"]
[Result "0-1"]
[WhiteElo "1771"]
[BlackElo "2002"]

1. d4 Nf6 2. Nf3 e6 3. c4 Bb4+ 4. Nc3 b6 5. e3 Bb7 6. a3 Bxc3+ 7. bxc3 d6
8. Be2 Ne4 9. Qc2 f5 10. O-O Nd7 11. Ne1 O-O 12. f3 Nef6 13. Nd3 Qe7 14. a4 a5
15. Bb2 Qf7 16. Rab1 Kh8 17. c5 Nd5 18. Qd2 dxc5 19. dxc5 Rfd8 20. cxb6 N5xb6
21. Qc2 Bc6 22. Ra1 Nd5 23. Qd2 N7b6 24. Ne5 Qe8 25. Nxc6 Qxc6 26. Bb5 Qc5
27. Qd4 Qe7 28. Rfe1 Nb4 29. Qe5 Nc2 30. e4 Nxa1 31. Bxa1 Qd6 32. Qxd6 Rxd6
33. c4 c5 34. Be5 Rd3 35. Bc7 Nd7 36. e5 Ra7 37. Bd6 h6 38. Re2 Kh7 39. Kf2 g5
40. g3 Kg6 41. g4 fxg4 42. fxg4 Kg7 43. Kg2 Nf8 44. Bxc5 Rf7 45. Bb6 Ng6 46. c5
Nh4+ 47. Kg1 Rd1+ 0-1

[Event "Open Ricany 2011"]
[Site "http://www.openricany.cz"]
[Date "2011.08.27"]
[Round "9.32"]
[White "Vitek, Jan"]
[Black "Kubik, Jaroslav"]
[Result "1/2-1/2"]
[WhiteElo "1832"]
[BlackElo "1987"]

1. e4 d6 2. d4 Nf6 3. Nc3 g6 4. Be3 Bg7 5. Qd2 c6 6. Bh6 Bxh6 7. Qxh6 Nbd7
8. Nf3 b5 9. Bd3 b4 10. Ne2 Qa5 11. O-O Ba6 12. Bxa6 Qxa6 13. Ng3 1/2-1/2

[Event "Open Ricany 2011"]
[Site "http://www.openricany.cz"]
[Date "2011.08.27"]
[Round "9.35"]
[White "Nemec, David"]
[Black "Hronik, Petr"]
[Result "1/2-1/2"]
[WhiteElo "2037"]
[BlackElo "1966"]

1. e4 d5 2. exd5 Nf6 3. d4 Bg4 4. Be2 Bxe2 5. Nxe2 Qxd5 6. O-O Nc6 7. Nbc3 Qh5
8. Be3 O-O-O 9. Nf4 Qxd1 10. Raxd1 e6 11. Nce2 Nb4 12. c3 Nbd5 13. Nxd5 Nxd5
1/2-1/2

[Event "Open Ricany 2011"]
[Site "http://www.openricany.cz"]
[Date "2011.08.27"]
[Round "9.2"]
[White "Vesselovsky, Serguei"]
[Black "Haman, Jakub"]
[Result "1/2-1/2"]
[WhiteElo "2379"]
[BlackElo "2146"]

1. e4 e5 2. Nf3 Nc6 3. Bb5 g6 4. c3 a6 5. Ba4 d6 6. d4 Bd7 7. O-O Bg7 8. d5 Nb8
9. Bxd7+ Nxd7 10. c4 Ne7 11. Nc3 O-O 12. Be3 h6 13. Nd2 c5 14. f3 1/2-1/2

[Event "Open Ricany 2011"]
[Site "http://www.openricany.cz"]
[Date "2011.08.27"]
[Round "9.19"]
[White "Pycha, Patrik"]
[Black "Ambroz, Antonin"]
[Result "1/2-1/2"]
[WhiteElo "1770"]
[BlackElo "2054"]

1. e4 c5 2. Nc3 e6 3. g3 d5 4. exd5 exd5 5. d4 cxd4 6. Qxd4 Nf6 7. Bg5 Be7
8. Bg2 Nc6 9. Qd2 Be6 10. Nge2 Qa5 1/2-1/2

[Event "Open Ricany 2011"]
[Site "http://www.openricany.cz"]
[Date "2011.08.27"]
[Round "9.24"]
[White "Horak, Vladimir"]
[Black "Paukert, Jan"]
[Result "1/2-1/2"]
[WhiteElo "2043"]
[BlackElo "1911"]

1. Nf3 d5 2. d4 Nf6 3. e3 g6 4. c4 Bg7 5. Nc3 O-O 6. Qb3 dxc4 7. Bxc4 Nc6
8. Qc2 Bf5 9. Qe2 Na5 10. Nh4 Bg4 11. f3 Nxc4 12. fxg4 Nd6 13. e4 e5 14. dxe5
Nfxe4 15. Nf3 Nxc3 16. bxc3 Nc8 1/2-1/2

[Event "Open Ricany 2011"]
[Site "http://www.openricany.cz"]
[Date "2011.08.27"]
[Round "9.48"]
[White "Hanl, Frantisek"]
[Black "Luzikova, Nicola"]
[Result "1/2-1/2"]
[WhiteElo "1849"]
[BlackElo "1797"]

1. e4 d5 2. exd5 Nf6 3. Nf3 Nxd5 4. Bc4 Nc6 5. Bb3 Nb6 6. d3 Na5 7. Be3 Nxb3
8. axb3 Bg4 9. h3 Bh5 10. Nc3 e6 11. Ne4 Bb4+ 12. c3 Be7 13. Bxb6 axb6 14. Rxa8
Qxa8 15. O-O O-O 16. g4 Bg6 17. Ne5 Rd8 18. Nxg6 hxg6 19. Qc2 Qa6 20. Rd1 Qb5
21. b4 f5 22. Ng3 Bd6 23. Qb3 Kf7 24. gxf5 gxf5 25. Re1 Re8 26. Qd1 Rh8 27. Qe2
Qd7 28. Qf3 Rxh3 29. Kg2 Rh6 30. Qxb7 Rg6 31. Qf3 Qd8 32. Kf1 Qg5 33. Ne4 Qg1+
34. Ke2 Qg4 35. Nxd6+ cxd6 36. Qxg4 Rxg4 37. Ra1 Ke7 38. Ra7+ Kd8 39. Rb7 Rg1
40. Rxb6 Kc7 41. Ra6 Rb1 42. Ra7+ Kc6 43. Rxg7 Rxb2+ 44. Ke3 Rb3 45. Rg8 e5
46. f3 Kd7 47. Rg7+ Ke6 48. Kd2 Rb2+ 49. Kc1 Rf2 50. Rg3 Kd7 51. Rh3 Ke6 52. c4
Kd7 53. b5 Kc7 54. Rh7+ Kb6 55. Rd7 Kc5 56. Rc7+ Kd4 57. b6 Kc3 58. Kd1 1/2-1/2

[Event "Open Ricany 2011"]
[Site "http://www.openricany.cz"]
[Date "2011.08.27"]
[Round "9.38"]
[White "Feierfeil, Jiri"]
[Black "Hybl, Vladislav"]
[Result "1-0"]
[WhiteElo "1858"]
[BlackElo "1926"]

1. d4 d5 2. Bf4 Nf6 3. Nf3 Bf5 4. e3 e6 5. Nbd2 Bd6 6. Ne5 O-O 7. Be2 c5 8. c3
Nc6 9. g4 Be4 10. f3 Bg6 11. h4 h6 12. Nxg6 fxg6 13. Bxd6 Qxd6 14. f4 cxd4
15. cxd4 Ne7 16. g5 Nh7 17. gxh6 gxh6 18. Bd3 Rf6 19. Rg1 Kh8 20. Nf3 Nf5
21. Qd2 Rd8 22. Bxf5 gxf5 23. Ne5 Rg8 24. O-O-O Qd7 25. Kb1 Nf8 26. h5 Nh7
27. Rxg8+ Kxg8 28. Rg1+ Kf8 29. Qb4+ Ke8 30. Rg7 Qd8 31. Nd7 1-0

[Event "Open Ricany 2011"]
[Site "http://www.openricany.cz"]
[Date "2011.08.27"]
[Round "9.40"]
[White "Cervenka, Petr"]
[Black "Berg, Antonin"]
[Result "1-0"]
[WhiteElo "1856"]
[BlackElo "1999"]

1. e4 Nf6 2. e5 Nd5 3. d4 d6 4. Bc4 Nb6 5. Bb3 dxe5 6. Qh5 e6 7. dxe5 g6 8. Qg4
Nc6 9. Nf3 Na5 10. Bg5 Be7 11. Nbd2 Nxb3 12. axb3 Bd7 13. Ne4 Bxg5 14. Nfxg5 Nd5
15. c4 f5 16. exf6 Nxf6 17. Qf3 O-O 18. Qh3 Qe7 19. O-O Nxe4 20. Nxe4 Bc6
21. Rae1 Rad8 22. Qg4 e5 23. Ng5 Rf5 24. h4 Rd2 25. Re3 Rxb2 26. Rg3 Bd7 27. Qd1
Bc6 28. Qc1 Ra2 29. h5 h6 30. Nh3 g5 31. Qb1 1-0

[Event "Open Ricany 2011"]
[Site "http://www.openricany.cz"]
[Date "2011.08.27"]
[Round "9.23"]
[White "Petras, Milan"]
[Black "Forman, Miroslav"]
[Result "1-0"]
[WhiteElo "2064"]
[BlackElo "1912"]

1. e4 e5 2. Nf3 d6 3. Nc3 Be6 4. d4 exd4 5. Nxd4 Nf6 6. Nxe6 fxe6 7. f4 c6
8. Be3 Qa5 9. a3 Nxe4 10. Bd3 Nf6 11. Qe2 Qh5 12. Qf2 b6 13. Bd4 Nbd7 14. Ba6
Rb8 15. Qe3 Kf7 16. Bxf6 gxf6 17. Be2 Qc5 18. Qh3 h5 19. O-O-O Qf5 20. Qxf5 exf5
21. Bd3 Kg6 22. b4 d5 23. Ne2 Bd6 24. Rhf1 Rhe8 25. Nd4 Re4 26. Bxe4 fxe4
27. Nxc6 e3 28. Nxb8 Nxb8 29. f5+ Kg5 30. Rxd5 Bxh2 31. Kd1 Nc6 32. Ke2 Ne5
33. a4 Bf4 34. a5 h4 35. a6 Kg4 36. Rd4 1-0

[Event "Open Ricany 2011"]
[Site "http://www.openricany.cz"]
[Date "2011.08.27"]
[Round "9.15"]
[White "Maly, Marek"]
[Black "Postupa, Pavel"]
[Result "0-1"]
[WhiteElo "1986"]
[BlackElo "2124"]

1. d4 Nf6 2. c4 g6 3. Nc3 d5 4. cxd5 Nxd5 5. e4 Nxc3 6. bxc3 Bg7 7. Bc4 c5
8. Ne2 Nc6 9. Be3 O-O 10. O-O Qc7 11. Rc1 Rd8 12. Qd2 Ne5 13. Bb3 Ng4 14. Bf4 e5
15. Bg5 exd4 16. Bf4 dxc3 17. Bxc7 Rxd2 18. Nxc3 Be6 19. h3 Bxb3 20. axb3 Ne5
21. Nb1 Rb2 22. Bxe5 Bxe5 23. Rxc5 Bd4 24. Rb5 Rc8 25. Na3 Rc3 26. Rxb7 Rcxb3
27. Rxb3 Rxb3 28. Nc4 Rc3 29. Nd2 Rc2 30. Rd1 a5 31. Kf1 a4 32. Ke2 Ra2 33. f4
Bc3 34. Kd3 Bxd2 35. Rxd2 Ra1 36. Kc3 Rf1 37. Ra2 Rxf4 38. Kd3 Rf6 39. Ke3 Ra6
40. Ra3 Kg7 41. Kf4 Kf6 42. h4 h5 43. g3 Ke6 44. Ke3 Ke5 45. Kd3 Rd6+ 0-1

[Event "Open Ricany 2011"]
[Site "http://www.openricany.cz"]
[Date "2011.08.27"]
[Round "9.49"]
[White "Paulovic, Milan"]
[Black "Maly, Dusan"]
[Result "1-0"]
[WhiteElo "1933"]
[BlackElo "1809"]

1. Nf3 Nf6 2. b3 d6 3. d4 d5 4. Bb2 Bg4 5. e3 e6 6. Be2 Bd6 7. Nbd2 c6 8. O-O
Bc7 9. c4 Nbd7 10. Rc1 Rc8 11. Ba3 Bb8 12. h3 Bh5 13. Re1 Qa5 14. Nb1 Qc7 15. g3
Ne4 16. Ne5 Bg6 17. cxd5 exd5 18. Kg2 Nxe5 19. dxe5 Qxe5 20. f4 Qc7 21. Bf3 f5
22. Nc3 Qa5 23. Nb1 Kf7 24. b4 Qa6 25. Bxe4 fxe4 26. g4 h6 27. Rc3 Rhe8 28. Qb3
Kg8 29. Bb2 Bf7 30. Qc2 Qxa2 31. Rc5 d4 32. Ra5 Qc4 33. Qxc4 Bxc4 34. Bxd4 b6
35. Ra1 Red8 36. Nd2 Bd3 37. h4 c5 38. bxc5 bxc5 39. Bc3 a6 40. Kf2 Ba7 41. Nb3
Bb5 42. h5 Rd3 43. Rac1 Rcd8 44. Rg1 Bb6 45. g5 R8d6 46. Be5 Rc6 47. gxh6 Rxh6
48. Rxg7+ Kf8 49. Nxc5 Rd2+ 50. Kg1 Re2 51. Rb7 Rxe3 52. Bg7+ Kg8 53. Bxh6 1-0